000 01158njm a22002657a 4500
005 20100908143832.0
007 sd ammalaaahaa
008 100830t xxu||||| |||| 00| 0 eng d
028 _aN.54661
_bHis Master's Voice
035 _aGR-01380
040 _aSED
_cSED
100 _aMukerji,Subodh
_918698
245 _aApril fool /
_cby Subodh Mukherji productions ;sung by Mohd Rafi; Music dtn by Shankar Jaikishan; Lyric by Shailendra
_h[sound recording]:
246 _aअप्रैल फूल /
260 _aDum Dum, India:
_bHis Master 's Voice
_c1964
300 _a1 sound disc [GramphoneRecording]:
_banalog,33.1/3 rpm
_c9.5 in.(MP)
_fGramphones Records
500 _aBrief Record
505 _aSide1 आ गले लग जा (Aa gale lag ja) (Mohd Rafi) Side 2 कहदो कहदो जहा से (Kehdo kehdo jaha se)( Mohd Rafi [and] Suman Kalyanpur).
650 _xExperts
_zIndia
_917446
_aMotion picture music
700 _aMohd Rafi
_918760
700 _aJaikishan,Shankar
_918871
700 _aShailendra
_918872
942 _2ddc
_cGR
999 _c44532
_d44532